000 00581nam a2200229Ia 4500
003 OSt
005 20220918205207.0
006 a|||||r|||| 00| 0
007 ta
008 220917b |||||||| |||| 00| 0 eng d
024 _a115,664
037 _cTextual
040 _aARTS
_cARTS
_beng
041 _2eng
_aeng
082 _aV614:1:N19<-M84, K3
100 _aLouis Wm. Roger
_9105753
245 0 _aRuanda-Urundi, 1884-1919
260 _c1963
650 _aHISTORY
942 _hV614:1:N19<-M84, K3
_cTEXL
_2CC
999 _c238993
_d238993